000 00924nam a2200229Ia 4500
001 9708
003 GE_BSU
008 181216s||||||||xx |||||||||||||| ||und||
040 _cGE_BSU
080 _a821.353.1-4+821.353.1-92
100 _aნარიმანიძე,სილოვან
245 _aფიქრო მე რომ გითვალთვალე
245 _bნარკვევები,წერილები,ჩანახატები
245 _cრედ:ნუნუ ხომერიკი,მხატვ:.სპარტაკ ცინცაძე
260 _aთბილისი.
260 _bმერანი.
260 _c1977
300 _a231გვ;20სმ
653 _aნარკვევები,წერილები,ჩანახატები
653 _aფიქრო მე რომ გითვალთვალე
942 _cBK
999 _c42991
_d42991